| 000 | 00488cam a22002051 4500 | ||
|---|---|---|---|
| 001 | sa 68002230 | ||
| 003 | DLC | ||
| 005 | 20260227112441.0 | ||
| 008 | 881028s1967 xx 000 0 beno | ||
| 010 | _asa 68002230 | ||
| 035 | _a(OCoLC)23542066 | ||
| 040 |
_aDLC _cMiU _dDLC |
||
| 042 | _apremarc | ||
| 050 | 0 | 0 |
_aPK1718.C423 _bS83 |
| 100 | 1 |
_aChatterjee, Hari Narayan, _d1916- |
|
| 245 | 1 | 0 | _aSurera paraśa. |
| 260 | _c[1967] | ||
| 300 |
_a130 p. _c23 cm. |
||
| 500 | _aRomanized. | ||
| 999 |
_c78545 _d78545 |
||